| Tag |
First Indicator |
Second Indicator |
Subfields |
| LEADER |
00000nam a2200000Ia 4500 |
| 001 |
in00004203521 |
| 005 |
20200806092005.0 |
| 006 |
m g d |
| 007 |
cr bn |||a|bb| |
| 008 |
950918s1622 enk o 00| | eng d |
| 035 |
|
|
|a (OCoLC)33149678
|
| 040 |
|
|
|d UMI
|d WaOLN
|
| 037 |
|
|
|a CL0036000057
|b ProQuest. 789 E. Eisenhower Parkway, Ann Arbor, MI 48108-3218
|
| 043 |
|
|
|a e-uk-en
|
| 045 |
0 |
|
|b d1622
|
| 090 |
|
|
|a HD9660.P25
|b E53 1622
|
| 049 |
|
|
|a UMIA
|
| 110 |
1 |
|
|a England and Wales.
|b Sovereign (1603-1625 : James I)
|
| 245 |
1 |
2 |
|a A briefe of His Maiesties letters pattents granted vnto Christopher Eland, touching vvhite and red lead
|
| 260 |
|
|
|a [London :
|b W. Jones,
|c 1622]
|
| 300 |
|
|
|a 1 online resource (1 sheet ([1] pages).
|
| 336 |
|
|
|a text
|b txt
|2 rdacontent
|
| 337 |
|
|
|a computer
|b c
|2 rdamedia
|
| 338 |
|
|
|a online resource
|b cr
|2 rdacarrier
|
| 500 |
|
|
|a "Dated the 5. of October, 1622."
|
| 500 |
|
|
|a Reproduction of original in: Society of Antiquaries.
|
| 510 |
4 |
|
|a STC (2nd edition)
|c 8690
|
| 533 |
|
|
|a Electronic reproduction.
|b Ann Arbor, Mich. :
|c UMI,
|d 1999-
|f (Early English books online)
|n Digital version of: (Early English books, 1475-1640 ; 1875:139)
|7 s1999 miun s
|
| 650 |
|
0 |
|a Paint industry
|z Great Britain
|v Early works to 1800.
|
| 650 |
|
0 |
|a Paint industry
|x Licenses
|z Great Britain.
|
| 600 |
1 |
0 |
|a Eland, Christopher.
|
| 651 |
|
0 |
|a Great Britain
|x History
|y James I, 1603-1625.
|
| 655 |
|
7 |
|a Broadsides
|z London (England)
|y 17th century.
|2 rbgenr
|
| 700 |
0 |
|
|a James
|b I,
|c King of England,
|d 1566-1625.
|
| 830 |
|
0 |
|a Early English books online.
|
| 856 |
4 |
0 |
|u http://proxy.library.tamu.edu/login?url=https://search.proquest.com/docview/2240924159
|z Connect to the full text of this electronic book
|t 0
|
| 999 |
f |
f |
|s 9e6229c8-a085-3097-a867-34d39352e4f7
|i 4c9c9ebc-a7b3-35fd-80a3-f5b8964a419f
|t 0
|
| 952 |
f |
f |
|a Texas A&M University
|b College Station
|c Electronic Resources
|d Available Online
|t 0
|e HD9660.P25 E53 1622
|h Library of Congress classification
|
| 998 |
f |
f |
|a HD9660.P25 E53 1622
|t 0
|l Available Online
|